Caricamento...
Naaraanathu bhraanthan
| Autore principale: | |
|---|---|
| Natura: | Printed Book |
| Pubblicazione: |
Kottayam, DCB
1998
|
| LEADER | 004240000a22001330004500 | ||
|---|---|---|---|
| 040 | |a MAL | ||
| 082 | |a A1 MAD 3/N N2;1 | ||
| 100 | |a Madhusoodanan Nair, V | ||
| 245 | |a Naaraanathu bhraanthan | ||
| 260 | |a Kottayam, DCB | ||
| 260 | |c 1998 | ||
| 465 | |a R 38 | ||
| 999 | |c 19992 |d 19992 | ||
| 952 | |0 0 |1 0 |4 0 |6 A_000000000000000_1_MAD_3N_N21 |7 0 |8 MAL |9 19807 |a MGUL |b MGUL |d 2013-07-16 |e R 38 |l 1 |o A1 MAD 3/N N2;1 |p 28461 |r 2014-12-09 |s 2014-12-03 |w 2013-07-16 |y BK | ||